Health and Canadian society : (Record no. 8005)

MARC details
000 -LEADER
fixed length control field 00456cam a2200145 a 4500
020 ## - INTERNATIONAL STANDARD BOOK NUMBER
ISBN 0889021171 (pbk.)
050 00 - CALL NUMBER
Classification number RA418.3.C2
Item number H4
245 00 - TITLE
Title Health and Canadian society :
Remainder of title sociological perspectives /
Statement of responsibility, etc [edited by David] Coburn ... [et al.].
260 ## - PUBLICATION INFORMATION
Place of publication [Don Mills, Ont.] :
Name of publisher Fitzhenry & Whiteside,
Year of publication 1981.
300 ## - DESCRIPTION
Number of Pages vi, 496 p. :
Other physical details ill. ;
Dimensions 23 cm.
650 #0 - SUBJECTS
Topical Term Social medicine
650 #0 - SUBJECTS
Topical Term Medical care
700 1# - OTHER AUTHORS
Personal name Coburn, David,
942 ## - ADDED ENTRY ELEMENTS (KOHA)
Koha item type Books
Holdings
Withdrawn status Lost status Home library Current library Date acquired Full call number Accession Number Koha item type
    Methodist University Library Wenchi Nursing Methodist University Library Wenchi Nursing 21/10/2021 RA418.3.C2 H4 31520 Books
Copyright © 2026  MUG Library